[Event "Oberliga NRW 9900 II"]
[Site "Germany"]
[Date "2000.01.19"]
[Round "4.6"]
[White "Hohma, Martin"]
[Black "Stillger, Bernhard"]
[Result "1/2-1/2"]
[WhiteElo "2047"]
[BlackElo "2375"]
[PlyCount "47"]
[EventDate "1999.10.26"]
[EventType "team"]
[EventRounds "9"]
[EventCountry "GER"]
[SourceTitle "EXT 2001"]
[Source "ChessBase"]
[SourceDate "2000.11.22"]
[SourceVersion "1"]
[SourceVersionDate "2000.11.22"]
[SourceQuality "1"]
[WhiteTeam "Wiedenbrueck"]
[BlackTeam "Muelheim Nord"]
[WhiteTeamCountry "GER"]
[BlackTeamCountry "GER"]

1. Nf3 c5 2. g3 g6 3. Bg2 Bg7 4. c4 Nc6 5. Nc3 e6 6. d4 cxd4 7. Nb5 d5 8. cxd5 exd5 9. 0-0 Nge7 10. Bf4 0-0 11. Nfxd4 Nxd4 12. Nxd4 Qb6 13. Bg5 Qxd4 14. Bxe7 Re8 15. Ba3 Qxd1 16. Raxd1 Rxe2 17. Bxd5 Be6 18. Bxb7 Rb8 19. Ba6 Rc2 20. Bd3 Rcc8 21. b3 a5 22. Bd6 Rb6 23. Bf4 Rb4 24. Ba6 1/2-1/2

[Event "Oberliga NRW 9900 II"]
[Site "Germany"]
[Date "1999.11.22"]
[Round "2.6"]
[White "Weyrauch, Erich"]
[Black "Hohma, Martin"]
[Result "0-1"]
[WhiteElo "2188"]
[BlackElo "2047"]
[PlyCount "70"]
[EventDate "1999.10.26"]
[EventType "team"]
[EventRounds "9"]
[EventCountry "GER"]
[SourceTitle "EXT 2001"]
[Source "ChessBase"]
[SourceDate "2000.11.22"]
[SourceVersion "1"]
[SourceVersionDate "2000.11.22"]
[SourceQuality "1"]
[WhiteTeam "Letmathe"]
[BlackTeam "Wiedenbrueck"]
[WhiteTeamCountry "GER"]
[BlackTeamCountry "GER"]

1. e4 c5 2. Nf3 d6 3. Nc3 Nc6 4. d4 cxd4 5. Nxd4 Nf6 6. Bg5 e6 7. Be2 Be7 8. Qd2 0-0 9. h4 a6 10. Nxc6 bxc6 11. Rh3 e5 12. Rg3 Kh8 13. 0-0-0 Ne8 14. Bxe7 Qxe7 15. h5 Be6 16. b3 a5 17. Kb2 a4 18. Nxa4 d5 19. h6 g6 20. exd5 cxd5 21. Qc3 f6 22. Qc5 Nd6 23. Qa3 Rfc8 24. Kb1 Qc7 25. Qb2 Ne4 26. Re3 Nxf2 27. Rf1 d4 28. Rxf2 dxe3 29. Rxf6 Bf5 30. Rc6 Qe7 31. Rc3 Rxc3 32. Qxc3 Rc8 33. Bc4 e2 34. Nb6 Qd6 35. Kb2 Rxc4 0-1